[Event "Niedersachsen-ch op-A"]
[Site "Verden"]
[Date "2014.01.04"]
[Round "5"]
[White "Weist, Hartmut"]
[Black "Steinhof, Michael"]
[Result "0-1"]
[WhiteElo "1682"]
[BlackElo "1723"]
[PlyCount "86"]
[EventDate "2014.01.02"]
[EventType "swiss"]
[EventRounds "7"]
[EventCountry "GER"]
[SourceTitle "EXT 2016"]
[Source "ChessBase"]
[SourceDate "2015.10.08"]
[SourceVersion "1"]
[SourceVersionDate "2015.10.08"]
[SourceQuality "1"]

1. e4 c5 2. Nf3 e6 3. d4 cxd4 4. Nxd4 a6 5. Nc3 Qc7 6. Be3 b6 7. Be2 Bb7 8. 0-0 d6 9. f4 Nd7 10. Qd2 Ngf6 11. Bf3 Be7 12. Rad1 0-0 13. g4 Nc5 14. Qg2 Rfd8 15. g5 Ne8 16. f5 e5 17. Nde2 g6 18. f6 Bf8 19. h4 b5 20. h5 d5 21. Nxd5 Bxd5 22. exd5 Nd6 23. hxg6 fxg6 24. Bg4 Nc4 25. Bc1 Qa7 26. Kh1 Nd6 27. Be6+ Nf7 28. Be3 Qb7 29. Rf2 Nxe6 30. dxe6 Rxd1+ 31. Kh2 Qxg2+ 32. Kxg2 Bd6 33. exf7+ Kxf7 34. Nc3 Ra1 35. Ne4 Bf8 36. Rd2 Rxa2 37. Rd7+ Ke6 38. Rxh7 Rxb2 39. Rc7 a5 40. Kf3 a4 41. Rc6+ Kd7 42. Rb6 a3 43. Nc3 b4 0-1

[Event "Niedersachsen-ch op-A"]
[Site "Verden"]
[Date "2013.01.05"]
[Round "6"]
[White "Steinhof, Michael"]
[Black "Majewski, Tomasz"]
[Result "1/2-1/2"]
[WhiteElo "1650"]
[BlackElo "1800"]
[PlyCount "50"]
[EventDate "2013.01.03"]
[EventType "swiss"]
[EventRounds "7"]
[EventCountry "GER"]
[SourceTitle "EXT 2014"]
[Source "ChessBase"]
[SourceDate "2013.11.20"]
[SourceVersion "1"]
[SourceVersionDate "2013.11.20"]
[SourceQuality "1"]

1. e4 c5 2. Nc3 Nc6 3. f4 g6 4. Nf3 Bg7 5. Bc4 e6 6. f5 Nge7 7. fxe6 fxe6 8. d3 d5 9. Bb3 0-0 10. 0-0 b5 11. a3 Qb6 12. Kh1 c4 13. Ba2 a5 14. a4 Ba6 15. axb5 Bxb5 16. Nxb5 Qxb5 17. dxc4 dxc4 18. Qe2 Ne5 19. Nxe5 Qxe5 20. Re1 c3 21. bxc3 Qxc3 22. Bxe6+ Kh8 23. Ra3 Qc5 24. Rb3 Rf2 25. Qb5 Qxb5 1/2-1/2